|
|
|
|
| LEADER |
01516nam a2200385 a 4500 |
| 001 |
000120318 |
| 003 |
CZ BrMZK |
| 005 |
20140430130940.0 |
| 007 |
ta |
| 008 |
970107s1962 xr af f cze d |
| 015 |
|
|
|a cnb000517973
|
| 035 |
|
|
|a (OCoLC)85337248
|
| 040 |
|
|
|a BOA001
|c ze
|d BOA002
|
| 080 |
|
|
|a 908.515
|2 MRF
|
| 080 |
|
|
|a 885-4-992:908.516
|2 MRF
|
| 100 |
1 |
|
|a Poucha, Pavel,
|d 1905-1986
|7 jk01100816
|4 aut
|
| 245 |
1 |
0 |
|a Do nitra Asie /
|c Pavel Poucha ; externě redakčně zprac. A.L. Kaiser
|
| 250 |
|
|
|a 1. vyd.
|
| 260 |
|
|
|a Praha :
|b Orbis,
|c 1962
|
| 300 |
|
|
|a 281, [2] s. :
|b [48] s. fot. a barev. fot. příl. [1] barev. mp. ;
|c 8°
|
| 490 |
1 |
|
|a Poznání světa
|
| 500 |
|
|
|a Fot. dodal autor
|
| 500 |
|
|
|a S il. v textu
|
| 500 |
|
|
|a 11000 výt.
|
| 830 |
|
0 |
|a Poznání světa (Orbis)
|0 s
|
| 856 |
4 |
1 |
|u http://www.digitalniknihovna.cz/mzk/uuid/uuid:e72ceae0-d411-11e3-b110-005056827e51
|y Digitalizovaný dokument
|x NDK
|
| 910 |
|
|
|a BOA001
|b PK-0029.032
|b 2-0467.552
|
| 920 |
|
|
|a 000129830
|
| 964 |
|
|
|a Čínský Turkestán - reportáže cestopisné
|
| 964 |
|
|
|a Tibet - reportáže cestopisné
|
| 964 |
|
|
|a Vnitřní Mongolsko - reortáže cestopisné
|
| 990 |
|
|
|a BK
|
| 996 |
7 |
|
|b 2619858720
|c 2-0467.552
|l MZK
|r Sklad / do 24 hodin
|n 3
|w 000120318
|u 000030
|a 1
|e BOA001
|j MZK50
|s A
|
| 996 |
6 |
|
|b 2619973991
|c 2-0467.552
|l MZK
|r Sklad / do 24 hodin
|n 16
|w 000120318
|u 000020
|a 1
|e BOA001
|j MZK50
|s P
|
| 996 |
7 |
|
|b 3119957115
|c PK-0029.032
|l MZK
|r Sklad / do 1 hodiny
|n 10
|w 000120318
|u 000010
|a 1
|e BOA001
|j MZK50
|s A
|